| 000 | 00423nam a2200181Ia 4500 | ||
|---|---|---|---|
| 008 | 210210b1959 xxu||||| |||| 00| 0 eng d | ||
| 041 | _aeng | ||
| 082 | _a829/1186 | ||
| 100 | _aVON (Trapp Maria) | ||
| 245 | _aTrapp family on wheels | ||
| 260 |
_aLondon _bCollins Fontana Books., _c1959 |
||
| 650 | _awheels | ||
| 650 | _aTrapp | ||
| 650 | _aon | ||
| 650 | _afamily | ||
| 690 | _aEnglish Fiction | ||
| 906 | _a017797 | ||
| 999 |
_c137781 _d137781 |
||